000 00608nam a2200193 a 4500
005 20230602063739.0
008 081210s2003 mx r 000 0 spa d
020 _a9702003350
035 _aUPN01000168469
049 _aCG
050 4 _aPQ7297 R4.5
_bS3.3
100 1 _aRendón Ortiz, Gilberto,
_d1946-
_927929
245 1 3 _aLa saga de los jugadores de pelota /
_cGilberto Rendón Ortiz ; il. El Milagrito.
260 _aMéxico :
_bCastillo,
_c2003.
300 _a237 p. :
_bil. col.
440 0 _aCastillo de la lectura.
_pRoja 12 años en adelante
650 4 _aNovela mexicana
_94557
905 _aLibro
999 _c140576
_d140576